000 00457nam a2200145Ia 4500
008 180921t1892 xxu||||| ||||o00| 0 eng d
041 _aeng
245 _aPapers Laid Before The Legislative Council of Ceylon During The Session of 1892 : Persons Committed To Labour Centres From 1886 To 1890.
260 _c1892
300 _ap.37, 33 cm
500 _aSessional Paper xxiv-1892
942 _cBK
999 _c51587
_d51587
003 LK-CoDNM
040 _aLK-CoDNM
_dLK-CoDNM
_eLK-CoDNM